Concise General Knowledge Manual (2010) (Record no. 4662)

MARC details
000 -LEADER
fixed length control field 00430nam a22001697a 4500
005 - DATE AND TIME OF LATEST TRANSACTION
control field 20260413163304.0
008 - FIXED-LENGTH DATA ELEMENTS--GENERAL INFORMATION
fixed length control field 160629b xxu||||| |||| 00| 0 eng d
020 ## - INTERNATIONAL STANDARD BOOK NUMBER
ISBN 978-81-317-2766-9
041 ## - LANGUAGE CODE
Language code of text/sound track or separate title eng
082 ## - DEWEY DECIMAL CLASSIFICATION NUMBER
Classification number 001.076
100 ## - MAIN ENTRY--AUTHOR NAME
Personal name 2Thorpe, Edgar and Showick, thorpe
245 ## - TITLE STATEMENT
Title Concise General Knowledge Manual (2010)
260 ## - PUBLICATION, DISTRIBUTION, ETC. (IMPRINT)
Name of publisher Pearson
Year of publication 2010
300 ## - PHYSICAL DESCRIPTION
Number of Pages 13.121
650 ## - SUBJECT ADDED ENTRY--TOPICAL TERM
Topical Term Knowledge
942 ## - ADDED ENTRY ELEMENTS (KOHA)
Koha item type Books
Holdings
Lost status Damaged status Collection code Home library Current library Shelving location Date acquired Full call number Accession Number Koha item type
    LIFE SKILL JRU Library JRU Library SHELF-101-I 29/06/2016 001.076 10828 Books